| 000 | 01335nam0a22002891 4500 | ||
|---|---|---|---|
| 001 | rc\3439064 | ||
| 005 | 20260406182717.0 | ||
| 021 |
_aRU _b[69-60411] |
||
| 035 | _a(NLR Aleph) 007589285 | ||
| 090 |
_a5593553 _c5593553 |
||
| 100 | _a20130115d1969 |||y0rusy50 ca | ||
| 101 | 0 | _arus | |
| 102 | _aRU | ||
| 105 | _aa z ||||| | ||
| 200 | 1 |
_aГенетика хлопчатника _e(Вопросы наследственности, изменчивости и эмбриологии) _e[Сборник статей _fРед. коллегия: чл.-кор. АН УзССР С.С. Садыков (отв. ред.) и др.] _gАН УзССР. Ин-т эксперим. биологии растений |
|
| 210 |
_aТашкент _cФан _d1969 |
||
| 215 |
_a186 с. _cил. _d22 |
||
| 320 | _aБиблиогр. в конце статей | ||
| 606 |
_aХлопчатник _xГенетика _jСборники _2psbo |
||
| 702 | 1 |
_4340 _7ca _8rus _aСадыков _bС. С. _f1910-1995 _gСоодат Садыкович _9267683 _3RU\NLR\AUTH\770267739 |
|
| 712 | 0 | 2 |
_aИнститут экспериментальной биологии растений _cТашкент _3RU\NLR\AUTH\889947717 _9391052 |
| 801 | 0 |
_aRU _bNLR _gpsbo |
|
| 801 | 1 |
_aRU _bELAR _2rusmarc |
|
| 852 |
_aNLR _j69-5/3562 |
||
| 942 | _cBOOK | ||
| 980 | _aNB | ||